El contrato global / (Record no. 66817)

MARC details
000 -LEADER
campo de control de longitud fija 00843nam a2200229 i 4500
001 - NÚMERO DE CONTROL
campo de control 66817
003 - IDENTIFICADOR DE NÚMERO DE CONTROL
campo de control ES-MaACL
005 - FECHA Y HORA DE LA ÚLTIMA TRANSACCIÓN
campo de control 20230906165841.0
007 - CAMPO FIJO DE DESCRIPCIÓN FÍSICA--INFORMACIÓN GENERAL
campo de control de longitud fija t|
008 - DATOS DE LONGITUD FIJA--INFORMACIÓN GENERAL
campo de control de longitud fija 040405s2001 sp ||||1| spa d
080 ## - NÚMERO DE LA CLASIFICACIÓN DECIMAL UNIVERSAL
Número de la Clasificación Decimal Universal 327(100)(063)
111 2# - ENTRADA PRINCIPAL--NOMBRE DE CONGRESO/REUNIÓN
Nombre de congreso/reunión o jurisdicción como elemento de entrada Encuentro Internacional sobre Cultura de Paz (
Número del congreso/reunión o número de parte o sección 1º.
Fecha del congreso o de la firma del tratado 2000.
Sede del congreso/Lugar de la reunión Madrid)
9 (RLIN) 629
245 13 - MENCIÓN DEL TÍTULO
Título El contrato global /
Mención de responsabilidad, etc. I Encuentro Internacional sobre Cultura de Paz, Madrid, 11-13 diciembre 2000.
250 ## - MENCION DE EDICION
Mención de edición 1ª ed.
260 ## - PUBLICACIÓN, DISTRIBUCIÓN, ETC.
Lugar de publicación, distribución, etc. Madrid :
Nombre del editor, distribuidor, etc. Fundación Cultura de Paz,
Fecha de publicación, distribución, etc. 2001.
300 ## - DESCRIPCIÓN FÍSICA
Extensión 190 p. :
Otras características físicas il. ;
Dimensiones 30 cm.
500 ## - NOTA GENERAL
Nota general Tít. tomado de la cub.
650 14 - PUNTO DE ACCESO ADICIONAL DE MATERIA--TÉRMINO DE MATERIA
Término de materia o nombre geográfico como elemento de entrada Paz-
Subdivisión de forma Congresos y asambleas.
9 (RLIN) 15900
710 2# - ENTRADA AGREGADA--NOMBRE DE ENTIDAD CORPORATIVA
Nombre de entidad corporativa o nombre de jurisdicción como elemento de entrada Fundación Cultura de Paz.
9 (RLIN) 4257
852 ## - LOCALIZACIÓN
Ubicación ES-MaACL
Número de control de estantería L-27270
Nota libre . - Donat. Ernesto García Camarero
852 ## - LOCALIZACIÓN
Ubicación ES-MaACL
Número de control de estantería L-28027
Nota libre . - Donat. Ernesto García Camarero
Holdings
Estatus retirado Estado de pérdida Estado de daño No para préstamo Biblioteca de origen Biblioteca actual Ubicación en estantería Fecha de adquisición Fuente de adquisición Total de préstamos Signatura topográfica completa Código de barras Visto por última vez Precio de reemplazo Tipo de ítem Koha
        Biblioteca del Ateneo de Madrid Biblioteca del Ateneo de Madrid Depósito 2 17/01/2008     L-28027 1069985 23/02/2023 23/02/2023 Libro impreso
        Biblioteca del Ateneo de Madrid Biblioteca del Ateneo de Madrid Depósito 2 17/01/2008     L-27270 1069984 23/02/2023 23/02/2023 Libro impreso